[Event "Budapest FS06 GM"]
[Site "Budapest"]
[Date "1996.??.??"]
[Round "9"]
[White "Breyther, Ruediger"]
[Black "Priehoda, Vitezslav"]
[Result "1/2-1/2"]
[WhiteElo "2420"]
[BlackElo "2380"]

1.e4 d6 2.d4 Nf6 3.Nc3 c6 4.Nf3 Bg4 5.Be2 e6 6.O-O Be7 7.h3 Bh5 8.Be3 d5
9.exd5 cxd5 10.Ne5 Bxe2 11.Qxe2 O-O 12.Rad1 Nc6 13.Rd3 Rc8 14.Bg5 a6 15.Rfd1 Nxe5
16.dxe5 Nd7 17.Bxe7 Qxe7 18.Rd4 Rc7 19.Nb1 b5 20.c3 Rc4 21.Qd3 Rfc8 22.Nd2 Rxd4
23.Qxd4 Qc5 24.Nf3 Qxd4 25.cxd4 Nb6 26.Ne1 a5 27.Nd3 Rc4 28.a3 f6 29.f4 Kf7
30.Kf2 Ke7 31.Ke3 Rc8 32.Ke2 Rf8 33.b3  1/2-1/2

[Event "Budapest FS11 IM"]
[Site "Budapest"]
[Date "1996.??.??"]
[Round "9"]
[White "Sleisz, Tamas"]
[Black "De Santis, Alessio"]
[Result "0-1"]
[WhiteElo "2280"]
[BlackElo "2320"]

1.e4 d6 2.d4 Nf6 3.Nc3 c6 4.f4 Qa5 5.Bd3 d5 6.e5 Ne4 7.Bxe4 dxe4 8.Qe2 Na6
9.a3 g6 10.Rb1 f5 11.exf6 exf6 12.Qxe4+ Kf7 13.Qd3 Bf5 14.Qd2 Rd8 15.Nge2 c5
16.d5 c4 17.O-O Nc7 18.b4 cxb3 19.Rxb3 b6 20.Ng3 Nxd5 21.Nxf5 Nxc3 22.Qxc3 Qxf5
23.Qc4+ Qd5 24.Qxd5+ Rxd5 25.Be3 Bc5 26.Bxc5 Rxc5 27.Rd1 Re8 28.Rd2 Re7 29.Rbd3 h5
30.Kf2 Rec7 31.Rd7+ Rxd7 32.Rxd7+ Ke6 33.Rxa7 Rxc2+ 34.Kf1 Kf5 35.Ra4 Ra2
36.Kg1 b5 37.Ra6 Kg4 38.Rxf6 Rxa3 39.Rxg6+ Kxf4 40.Rh6 b4 41.Rxh5 b3 42.g3+ Kf3
43.Rf5+ Ke4 44.Rb5 Kd3 45.Kg2 Kc3 46.Rc5+ Kb4 47.Rc1 b2 48.Rb1 Kc3 49.h4 Kc2
50.Rxb2+ Kxb2 51.h5 Kc3 52.Kf3 Kd4+ 53.Kf4 Kd5 54.Kf5 Rf3+ 55.Kg6 Rxg3+ 56.Kf7 Rf3+
57.Kg7 Rg3+ 58.Kf7 Rh3 59.Kg6 Ke6 60.h6 Rg3+ 61.Kh7 Kf7 62.Kh8 Kg6  0-1

[Event "Budapest FS12 IM"]
[Site "Budapest"]
[Date "1996.??.??"]
[Round "10"]
[White "Horvath, Adam"]
[Black "Francsics, Endre"]
[Result "1-0"]
[WhiteElo "2250"]
[BlackElo "2220"]

1.e4 d6 2.d4 Nf6 3.Nc3 c6 4.f4 Qa5 5.Bd3 e5 6.Nf3 Bg4 7.Be3 Nbd7 8.O-O Be7
9.h3 exf4 10.Bxf4 Bxf3 11.Qxf3 g5 12.e5 gxf4 13.exf6 Bxf6 14.Rae1+ Kd8 15.Qxf4 Kc7
16.Bf5 Nb6 17.Bg4 h5 18.Qxf6 hxg4 19.Re7+ Nd7 20.Qxf7 Rad8 21.Qg7 Rhe8 22.Rxe8 Rxe8
23.Rf7 g3 24.Rxd7+ Kc8 25.Re7 Rxe7 26.Qxe7 Qf5 27.Qe2 Kc7 28.Ne4 Qf4 29.Qe1 b5
30.c3  1-0

[Event "Budapest FS02 IM"]
[Site "Budapest"]
[Date "1996.??.??"]
[Round "11"]
[White "Turzo, Attila"]
[Black "Czebe, Attila"]
[Result "1/2-1/2"]
[WhiteElo "2360"]
[BlackElo "2325"]

1.e4 d6 2.d4 Nf6 3.Nc3 c6 4.f3 e5 5.Be3 Be7 6.Qd2 b5 7.g4 Nbd7 8.a4 Qa5 9.b4 Qxb4
10.axb5 cxb5 11.Nxb5 Qb2 12.Qc1 Qxc1+ 13.Rxc1 O-O 14.Nxa7 Rxa7 15.dxe5 Ra3
16.exf6 Nxf6 17.Bd3 d5  1/2-1/2

[Event "Budapest FS08 GM"]
[Site "Budapest"]
[Date "1996.??.??"]
[Round "11"]
[White "Fogarasi, Tibor"]
[Black "Miltner, Arndt"]
[Result "1-0"]
[WhiteElo "2505"]
[BlackElo "2330"]

1.e4 d6 2.d4 Nf6 3.Nc3 Nbd7 4.f4 e5 5.Nf3 exd4 6.Qxd4 c6 7.Be2 d5 8.e5 Bc5
9.Qd1 Ng4 10.Nd4 Ngxe5 11.Be3 Ng6 12.Qd2 O-O 13.O-O-O Re8 14.h4 Nf6 15.h5 Nf8
16.h6 Qe7 17.Bf2 Ng4 18.Bxg4 Bxg4 19.hxg7 Kxg7 20.f5 h5 21.Rdf1 Nh7 22.Kb1 Kg8
23.a3 Rac8 24.Bg1 Qf6 25.Nce2 Re4 26.c3 Bd6 27.Nf4 Qg5 28.Bh2 Rce8 29.Ka1 a6
30.g3 Bxf4 31.gxf4 Qh4 32.Rfg1 Qd8 33.Bg3 Qd6 34.Qh2 Kf8 35.Qf2 c5 36.Nb3 b6
37.Re1 Rxe1+ 38.Rxe1 Rxe1+ 39.Qxe1 Bxf5 40.Nd2 Qe6 41.Qxe6 Bxe6 42.b4 Nf6
43.Kb2 Kg7 44.bxc5 bxc5 45.Bf2 Ne4 46.Nxe4 dxe4 47.Kc2 Kg6 48.Kd2 Kf5 49.Bxc5 Kxf4
50.Ke2 Kg3 51.Bd6+ Kg2 52.Be7 f5 53.Ke3 Kf1 54.Bf6 Ke1 55.Be7 Kd1 56.a4 Kc2
57.a5 Kxc3 58.Bd8 Kb4 59.Kd4 Bd7 60.Ke3 Bc6 61.Kf4 Bd7 62.Ke3 h4 63.Bxh4 Kxa5
64.Kd4 Kb5 65.Be7 a5 66.Bd6 Be8 67.Kc3 Kc6 68.Bf4 Kd5 69.Bg3 Bb5 70.Bf4 a4
71.Bg3 e3  1-0

[Event "Budapest FS10 IM"]
[Site "Budapest"]
[Date "1996.??.??"]
[Round "12"]
[White "Belotelov, Dimitri"]
[Black "De Santis, Alessio"]
[Result "1-0"]
[WhiteElo "2230"]
[BlackElo "2320"]

1.d4 d6 2.e4 Nf6 3.Nc3 c6 4.g3 Nbd7 5.Bg2 e5 6.Nge2 h5 7.h3 g6 8.Be3 Bg7
9.Qd2 a5 10.a4 Qc7 11.Rd1 Ra6 12.Nc1 O-O 13.O-O Qb8 14.Nb3 b5 15.dxe5 dxe5
16.axb5 cxb5 17.Nd5 a4 18.Na5 Nxd5 19.exd5 e4 20.Nc6 Qd6 21.Bxe4 Bxb2 22.c3 a3
23.Bd4 Kh7 24.Qg5 f5 25.Bf3 Rxc6 26.dxc6 Ne5 27.Bxe5 Qxe5 28.Rfe1 Qg7 29.Bd5 Rf6
30.Re8 b4 31.cxb4 Qc7 32.Bg8+ Kg7 33.Rdd8 Re6 34.Bxe6 Bf6 35.Rg8+  1-0

[Event "Budapest FS04 GM"]
[Site "Budapest"]
[Date "1996.??.??"]
[Round "12"]
[White "Cao Sang"]
[Black "Rowson, Jonathan"]
[Result "1/2-1/2"]
[WhiteElo "2455"]
[BlackElo "2415"]

1.e4 d6 2.d4 Nf6 3.Nc3 e5 4.Nf3 Nbd7 5.Bc4 Be7 6.O-O O-O 7.a4 c6 8.Re1 b6
9.d5 cxd5 10.Nxd5 Bb7 11.Bg5 Rc8 12.Bxf6 Bxf6 13.Qe2 Nc5 14.Red1 g6 15.b4 Ne6
16.g3 Bg7 17.a5 Nd4 18.Nxd4 exd4 19.Ra3 Rb8 20.axb6 axb6 21.b5 Qe8 22.Rc1 Bc8
23.Ra7 Kh8 24.Qf3 Be6 25.Qd3 Qc8 26.Bb3 Qc5 27.Rca1 Rbc8 28.Re7 Bxd5 29.exd5 Rc7
30.Ra7 Rxe7 31.Rxe7 Bf6 32.Rd7 Kg7 33.Qc4 Qxc4 34.Bxc4 Rd8 35.Rb7 d3 36.Bxd3 Bd4
37.Kg2 h5 38.f4 Bc5 39.h3 Re8 40.Ra7 Re1 41.Ra4 Kf6  1/2-1/2

[Event "Buenos Aires op"]
[Site "Buenos Aires"]
[Date "1996.??.??"]
[Round "?"]
[White "Kanefsck, Gustavo"]
[Black "Tempone, Marcelo"]
[Result "1/2-1/2"]
[WhiteElo "2295"]
[BlackElo "2460"]

1.e4 d6 2.d4 Nf6 3.Nc3 Nbd7 4.Nf3 e5 5.Bc4 Be7 6.O-O O-O 7.Re1 c6 8.a4 b6
9.h3 a6 10.Qe2 Bb7 11.Bg5 b5 12.axb5 axb5 13.Bb3 Qc7 14.Rad1 Nb6 15.Bxf6 Bxf6
16.d5 b4 17.dxc6 Ba6 18.Nb5 Qxc6 19.Rxd6 Qxd6 20.Nxd6 Bxe2 21.Rxe2 g6 22.Nc4 Nxc4
23.Bxc4 Rfc8 24.b3 Ra2 25.Rd2 Rc7 26.Kf1 Kg7 27.Ke2 Rca7 28.Kd1 Ra1+ 29.Ke2 Rc1
30.h4 h5 31.g3 Rca1 32.Rd5 R1a5 33.Rd1 Be7 34.Ne1 f5 35.f3 Ra2 36.Rd5 f4
37.Kf2 Rc7 38.Bd3 Bc5+ 39.Ke2 fxg3 40.Rxe5 Bf2 41.Rg5 Rc6 42.Ng2 Rcxc2+ 43.Bxc2 Rxc2+
44.Kd1 Rc3 45.f4 Rxb3 46.f5 Rf3 47.Ke2 Rc3 48.Rxg6+ Kf7 49.e5 Rc5 50.e6+ Kf8
51.Rf6+ Ke8 52.Nf4 b3 53.Ng6 Rc2+ 54.Kf3 Bc5 55.e7 Bxe7 56.Re6  1/2-1/2

[Event "Buenos Aires op"]
[Site "Buenos Aires"]
[Date "1996.??.??"]
[Round "?"]
[White "Milos, Gilberto"]
[Black "Tempone, Marcelo"]
[Result "1/2-1/2"]
[WhiteElo "2565"]
[BlackElo "2460"]

1.e4 d6 2.d4 Nf6 3.Nc3 Nbd7 4.Nf3 e5 5.Bc4 Be7 6.O-O O-O 7.a4 a5 8.Re1 c6
9.Ba2 Qc7 10.h3 Re8 11.Ng5 Rf8 12.Be3 exd4 13.Bxd4 h6 14.Nf3 Ne5 15.Nh4 Ne8
16.Qh5 Nf6 17.Qe2 Ne8 18.Nf5 Bf6 19.g4 Bxf5 20.gxf5 Nf3+ 21.Qxf3 Bxd4 22.Rab1 Be5  1/2-1/2

[Event "Buenos Aires op"]
[Site "Buenos Aires"]
[Date "1996.??.??"]
[Round "?"]
[White "Playa, Marcelo"]
[Black "Tempone, Marcelo"]
[Result "0-1"]
[WhiteElo "2390"]
[BlackElo "2460"]

1.e4 d6 2.d4 Nf6 3.Nc3 e5 4.Nf3 Nbd7 5.Be3 Be7 6.h3 c6 7.a4 O-O 8.Bd3 b6
9.O-O Bb7 10.Qe2 a6 11.b3 Qc7 12.Nd1 b5 13.c4 bxc4 14.bxc4 exd4 15.Nxd4 Rfe8
16.Nf5 Bf8 17.Nc3 a5 18.Rab1 Bc8 19.Ng3 g6 20.f4 Bg7 21.Qf2 Ba6 22.Rfc1 Qd8
23.Bf1 h5 24.Qf3 Rb8 25.e5 dxe5 26.Qxc6 Rxb1 27.Nxb1 Nb8 28.Qf3 exf4 29.Bxf4 Qd4+
30.Kh1 Bb7 31.Rd1 Bxf3 32.Rxd4 Bc6 33.Rd2 h4 34.Ne2 Ne4 35.Ra2 Na6 36.Nd2 g5
37.Nxe4 gxf4 38.Ng5 Rd8 39.Nf3 Rd1 40.Kg1 Bxf3 41.gxf3 Nb4 42.Ra3 Nc2  0-1

[Event "Calcutta op"]
[Site "Calcutta"]
[Date "1996.??.??"]
[Round "4"]
[White "Joshi, G B."]
[Black "Koshy, Varugeese"]
[Result "1/2-1/2"]
[WhiteElo "2305"]
[BlackElo "2410"]

1.e4 d6 2.d4 Nf6 3.Nc3 e5 4.Nf3 Nbd7 5.Bc4 Be7 6.O-O O-O 7.Re1 c6 8.a4 b6
9.b3 Bb7 10.Bb2 a6 11.Bd3 b5 12.Ne2 Qc7 13.Ng3 Rfe8 14.Qd2 g6 15.Qc3 Rac8
16.axb5 axb5 17.Ra7 Qb8 18.Qa5 Bd8 19.Qa1 Bb6 20.Ra2 Qc7 21.Qc1 Kg7 22.h4 Ng8
23.h5 f6 24.c3 Nf8 25.Qd1 Ra8 26.Rxa8 Rxa8 27.Bb1 Bc8 28.Nh4 Be6 29.d5 Bc8
30.Qd3 Nh6 31.Bc1 Ng4 32.Nh1 Ra1 33.Bd2 Qa7 34.Rf1 g5 35.Nf5+ Bxf5 36.exf5 cxd5
37.Qf3 Nxf2 38.Nxf2 e4 39.Qe2 e3 40.Bxe3 Bxe3 41.Bd3 Nd7 42.Rxa1 Qxa1+ 43.Kh2 Bf4+
44.g3 Be5 45.Bxb5 Qxc3 46.Qd3 Qb2 47.Kg2 Nc5 48.Qxd5 Qxb3 49.Qxb3 Nxb3 50.Ng4 d5
51.h6+ Kf8 52.Bc6 d4 53.Nf2 Nc1 54.Bb5 Na2 55.Bc4 Nc3 56.Kf3 Bc7 57.Ne4 Be5
58.Nxc3 dxc3 59.Bb3 Ke7 60.g4 Kd6 61.Ke4 Kc5 62.Kd3 Kb4 63.Bg8 Bd6 64.Bxh7 Bf8
65.Bg8 Bxh6 66.Kc2 Bf8 67.Bf7 Bd6 68.Be6 Bf4 69.Bf7 Bc7  1/2-1/2

[Event "California-ch"]
[Site "?"]
[Date "1996.??.??"]
[Round "1"]
[White "Izumikawa, Burt"]
[Black "Silman, Jeremy D"]
[Result "1-0"]
[WhiteElo "2385"]
[BlackElo "2395"]

1.e4 d6 2.d4 Nf6 3.Nc3 c6 4.f4 Qa5 5.Bd3 e5 6.Nf3 Bg4 7.dxe5 dxe5 8.h3 Bxf3
9.Qxf3 Nbd7 10.Bd2 exf4 11.Nd5 Qd8 12.Nxf4 Bd6 13.O-O-O Ne5 14.Qf2 O-O 15.Ne2 Qb6
16.Be3 Qa5 17.Kb1 c5 18.Ng3 c4 19.Be2 c3 20.Bd4 cxb2 21.Nf5 Bc7 22.Rhf1 Nfd7
23.h4 g6 24.Ne7+ Kg7 25.Bxe5+ Bxe5 26.Rxd7 Rad8 27.Rxd8 Qxd8 28.Nd5 h5 29.Bc4 b6
30.Bb3 Qd7 31.Nf4 a5 32.Ne6+  1-0

[Event "California-ch"]
[Site "?"]
[Date "1996.??.??"]
[Round "5"]
[White "Koploy, Paul"]
[Black "Silman, Jeremy D"]
[Result "1/2-1/2"]
[WhiteElo "2330"]
[BlackElo "2395"]

1.d4 d6 2.e4 Nf6 3.Nc3 c6 4.h3 g6 5.Nf3 Bg7 6.Bf4 O-O 7.Qd2 b5 8.a3 a6 9.Rd1 Nbd7
10.e5 Ne8 11.Bd3 Nb6 12.O-O Be6 13.Rfe1 Nd5  1/2-1/2

[Event "Cannes Martinez op"]
[Site "Cannes"]
[Date "1996.??.??"]
[Round "1"]
[White "Rey, Fabrice"]
[Black "Oratovsky, Michael"]
[Result "0-1"]
[WhiteElo "2165"]
[BlackElo "2485"]

1.d4 d6 2.e4 Nf6 3.Nc3 c6 4.Nf3 Bg4 5.Be2 e6 6.O-O Be7 7.Be3 d5 8.e5 Nfd7
9.Na4 b5 10.Nc3 Nb6 11.a4 b4 12.a5 Nc4 13.Bxc4 dxc4 14.Ne4 Qd5 15.Ned2 c5
16.c3 Nc6 17.Qe2 bxc3 18.bxc3 cxd4 19.Bxd4 Nxa5 20.Ra4 O-O 21.Rfa1 Nb3 22.Nxb3 cxb3
23.Rxa7 Rxa7 24.Rxa7 Bc5 25.Ra5 Ra8 26.Qb5 Rxa5 27.Qxa5 Bxd4 28.Qb4 Bc5 29.Qb8+ Bf8
30.h3 Bxf3  0-1

[Event "Cannes Martinez op"]
[Site "Cannes"]
[Date "1996.??.??"]
[Round "2"]
[White "Goldgewicht, Lionel"]
[Black "Bokias, I."]
[Result "1-0"]
[WhiteElo "2340"]
[BlackElo "1960"]

1.e4 d6 2.d4 Nf6 3.Nc3 e5 4.Nf3 Nbd7 5.Bc4 Be7 6.O-O O-O 7.Re1 c6 8.a4 a5
9.Bg5 Qc7 10.Qe2 Qb6 11.Rad1 h6 12.Bc1 Ne8 13.Bb3 Bf6 14.Be3 Qc7 15.h3 Nb6
16.dxe5 dxe5 17.Bc5 Nd7 18.Ba3 b6 19.Bxf8 Nxf8 20.Nh2 Ne6 21.Ng4 Bg5 22.Bxe6 Bxe6
23.Qd3 h5 24.Ne3 Rd8 25.Qe2 g6 26.Rxd8 Qxd8 27.Rd1 Qe7 28.Qa6 Qb4 29.Qa8 Kf8
30.Qxc6 Qxb2 31.Ned5 Bd8 32.Nf4 Bg5 33.Nxe6+ fxe6  1-0

[Event "Cannes op"]
[Site "Cannes"]
[Date "1996.??.??"]
[Round "4"]
[White "Weindl, Alfred"]
[Black "Strikovic, Aleksa"]
[Result "0-1"]
[WhiteElo "2335"]
[BlackElo "2520"]

1.d4 d6 2.e4 Nf6 3.Nc3 c6 4.g3 g6 5.Bg2 Bg7 6.Nge2 O-O 7.O-O e5 8.a4 a5 9.h3 Na6
10.Be3 Nb4 11.Qd2 Re8 12.Rae1 d5 13.exd5 Nfxd5 14.Nxd5 Nxd5 15.Bh6 e4 16.Bxg7 Kxg7
17.Nf4 Nxf4 18.Qxf4 Qxd4 19.c3 Qxa4 20.h4 Qb5 21.Rxe4 Bf5 22.Rxe8 Rxe8 23.h5 Qe5
24.h6+ Kf8 25.Qd2 f6 26.Ra1 Qc5 27.Bf3 Kf7 28.Qf4 Re5 29.Qd2 Qe7 30.b4 axb4
31.Qa2+ b3 32.Qxb3+ Be6 33.c4 b5 34.Bxc6 Bxc4 35.Qc3 g5 36.Kg2 Qc5 37.Qf3 Qxc6
38.Qxc6 Bd5+ 39.Qxd5+ Rxd5 40.Ra6 g4 41.Rb6 Kg6 42.Kf1 Rf5 43.f4 Kxh6 44.Kf2 Kg6
45.Ke3 Rc5 46.Kd4 Rc4+ 47.Kd5 Rc3 48.Rxb5 Rxg3  0-1

[Event "Cannes Martinez op"]
[Site "Cannes"]
[Date "1996.??.??"]
[Round "8"]
[White "Prudhomme, Franck"]
[Black "Bokias, I."]
[Result "1-0"]
[WhiteElo "2095"]
[BlackElo "1960"]

1.e4 d6 2.d4 Nf6 3.Nc3 e5 4.Nf3 Nbd7 5.Bc4 Be7 6.h3 O-O 7.O-O c6 8.a4 b6
9.Qe2 Qc7 10.Rd1 Bb7 11.Ba2 a6 12.dxe5 dxe5 13.Nh4 Nc5 14.Nf5 Bc8 15.Be3 Nfxe4
16.Nxe7+ Qxe7 17.Nxe4 Nxe4 18.Bxb6 Bf5 19.Qe3 Rfe8 20.a5 Bg6 21.Bb3 Kh8 22.Ba4 Rac8
23.c3 f5 24.f4 Qh4 25.fxe5 h5 26.Rd7 f4 27.Qf3 Rxe5 28.Bd4 Ng5 29.Qf2 Nxh3+
30.gxh3 Rg5+ 31.Kh2 Rg3 32.Bxg7+ Kg8 33.Bb3+ Bf7 34.Bxf7+ Kxg7 35.Qd4+ Kh7
36.Qe4+ Kh8 37.Qd4+ Kh7 38.Bb3+ Kh6 39.Rd6+ Kh7 40.Qe4+ Kg7 41.Qe5+ Kh7 42.Qf5+ Kg7
43.Rd7+  1-0

[Event "Cannes mT"]
[Site "Cannes"]
[Date "1996.??.??"]
[Round "9"]
[White "Relange, Eloi"]
[Black "Ivkov, Borislav"]
[Result "1/2-1/2"]
[WhiteElo "2460"]
[BlackElo "2455"]

1.d4 d6 2.e4 Nf6 3.Nc3 e5 4.Nf3 Nbd7 5.Bc4 Be7 6.O-O O-O 7.h3 c6 8.a4 exd4
9.Nxd4 d5 10.exd5 Nb6 11.Bb3 Nbxd5 12.Nxd5 Nxd5 13.Qf3 Bc5 14.Rd1 Qh4 15.c3 Be6  1/2-1/2

[Event "EU-ch Rapid-30'"]
[Site "Cap d`Agde"]
[Date "1996.??.??"]
[Round "?"]
[White "Leko, Peter"]
[Black "Adams, Michael"]
[Result "0-1"]
[WhiteElo "2630"]
[BlackElo "2685"]

1.e4 d6 2.d4 Nf6 3.Nc3 c6 4.f4 Qa5 5.Bd3 e5 6.Nf3 Bg4 7.Be3 Nbd7 8.O-O Be7
9.Qd2 Bd8 10.Kh1 Bxf3 11.Rxf3 O-O 12.a3 exd4 13.Bxd4 Bb6 14.Bf2 Bxf2 15.Qxf2 Qb6
16.Qh4 Qxb2 17.Raf1 Qxc3 18.e5 Qd4 19.c3 Qd5 20.exf6 Nxf6 21.Rg3 Kh8 22.Bc2 Rae8
23.Rg5 Qd2 24.Rxg7 Qxc2 25.Qxf6 Re6 26.Qg5 Qxc3 27.f5 Qxg7 28.Qxg7+ Kxg7
29.fxe6 fxe6 30.Rb1 b5 31.Kg1 e5 32.Rd1 d5 33.Rc1 Rf6 34.g4 h6 35.h4 a5 36.g5 hxg5
37.hxg5 Rd6 38.Kf2 Kg6  0-1

[Event "EU-ch Rapid-30'"]
[Site "Cap d`Agde"]
[Date "1996.??.??"]
[Round "?"]
[White "Magem Badals, Jorge"]
[Black "Bauer, Christian"]
[Result "1-0"]
[WhiteElo "2570"]
[BlackElo "2465"]

1.e4 d6 2.d4 Nf6 3.Nc3 Nbd7 4.g4 h6 5.h3 e5 6.Nge2 b5 7.a3 Bb7 8.Bg2 a6 9.O-O Be7
10.Ng3 O-O 11.Nf5 Re8 12.dxe5 dxe5 13.g5 hxg5 14.Bxg5 g6 15.Nxe7+ Qxe7 16.Qf3 Qe6
17.h4 Nh7 18.Bh6 Ndf6 19.Bh3 Qc4 20.Rfe1 Bc8 21.Bf1 Qc6 22.Nd5 Bg4 23.Qc3 Qxc3
24.Nxc3 c6 25.Kg2 Rad8 26.f3 Bc8 27.Red1 Nh5 28.Be3 Nf8 29.Bb6 Rd7 30.Rxd7 Nxd7
31.Be3 Kf8 32.a4 Bb7 33.axb5 cxb5 34.Rd1 Bc6 35.Nd5 Rc8 36.Nb4 Nb8 37.Kf2 Bd7
38.c3 a5 39.Nd5 Bc6 40.Bc5+ Kg7 41.Ne7 Rh8 42.Bd6 Kf6 43.Bxb8 Kxe7 44.Bxe5 f6
45.Bd6+ Kf7 46.Bc7 Ra8 47.Rd6 Be8 48.Rb6 Rc8 49.Bh2 Rc5 50.Bd6 Rc6 51.Rb7+ Kg8
52.Bc7 a4 53.Bh2 Rc5 54.Bd6 Rc6 55.Bb4 Rc8 56.Bxb5 Bxb5 57.Rxb5 Nf4 58.Bd6 Nd3+
59.Ke3 Nc1 60.Rb8 Rxb8 61.Bxb8 Kf7 62.c4 Ke6 63.Bf4 Nb3 64.Kd3 Na5 65.Kd4  1-0

[Event "Cappelle op"]
[Site "Cappelle la Grande "]
[Date "1996.??.??"]
[Round "1"]
[White "Raetsky, Alexander"]
[Black "Manouck, Thierry"]
[Result "1-0"]
[WhiteElo "2485"]
[BlackElo "2285"]

1.d4 d6 2.e4 Nf6 3.Nc3 e5 4.Nf3 Nbd7 5.g3 c6 6.Bg2 b5 7.a3 Be7 8.O-O O-O
9.h3 Re8 10.Re1 Bf8 11.Bg5 Qc7 12.Nh4 Bb7 13.Nf5 a6 14.dxe5 dxe5 15.Qf3 Re6
16.h4 h6 17.Be3 a5 18.g4 b4 19.axb4 axb4 20.Ne2 c5 21.Neg3 c4 22.g5 hxg5
23.hxg5 Nh7 24.Bh3 Rxa1 25.Rxa1 Nc5 26.Nh4 g6 27.Bxe6 Nxe6 28.Qg4 Bc8 29.Ra7 Qc6
30.Qd1 Nf4 31.Qd8 Be6 32.Ra8 b3 33.cxb3 cxb3 34.Kh2 Qc2 35.Qd2 Nd3 36.Nf3 Nxb2
37.Nxe5 Nd1 38.Qxc2 bxc2 39.Bc1 Nxf2 40.Kg2 Nd1 41.Ne2 Kg7 42.Nd4 Bc5 43.Nxe6+ fxe6
44.Rc8 Ne3+ 45.Kh1 Bd4 46.Rc7+ Kg8 47.Rc8+ Kg7 48.Nf3 e5 49.Nxd4 exd4 50.Rd8 Ng4
51.Rxd4 Ne5 52.Kg2 Kf7 53.Rd5 Ke6 54.Kg3 Nf7 55.Kf3 Ne5+ 56.Ke2 Nf7 57.Kd3 Nd6
58.Rc5 Nf8 59.Rxc2 Nd7 60.Bf4 Nf7 61.Rc6+ Ke7 62.Kd4 Nf8 63.Kd5 Nd8 64.Bd6+  1-0

[Event "Ciego de Avila"]
[Site "Ciego de Avila"]
[Date "1996.??.??"]
[Round "4"]
[White "Rodriguez, Pedro"]
[Black "Ribeiro, Fernando"]
[Result "1/2-1/2"]
[WhiteElo "2400"]
[BlackElo "2285"]

1.e4 d6 2.d4 Nf6 3.Nc3 c6 4.Bg5 Nbd7 5.Qd2 e5 6.Nf3 Be7 7.Be2 O-O 8.O-O b5
9.a3 a6 10.Rfe1 Qc7 11.Bf1 Re8 12.h3 Nf8 13.Rad1 Bb7 14.dxe5 dxe5 15.Bxf6 Bxf6
16.Ne2 Ne6 17.c3 Rad8 18.Qc2 Be7 19.Nc1 Nc5 20.b4 Ne6 21.c4 Rxd1 22.Rxd1 Rd8
23.Rxd8+ Bxd8 24.Nd3 f6 25.a4 bxa4 26.Qxa4 a5 27.c5 axb4 28.Qa2 Bc8 29.Nxb4 Kf8
30.Qa4 Bd7 31.Na6 Qa7 32.Qb4 Be7 33.Qb6 Qa8 34.Bc4 Qc8  1/2-1/2

[Event "Capablanca mem-C"]
[Site "Cienfuegos"]
[Date "1996.??.??"]
[Round "2"]
[White "Perez, Rodney"]
[Black "Espinosa, Julio"]
[Result "1/2-1/2"]
[WhiteElo "2405"]
[BlackElo "2335"]

1.e4 d6 2.d4 c6 3.Nc3 Nf6 4.Nf3 Qa5 5.Bd2 e5 6.Bd3 Nbd7 7.a4 Qc7 8.a5 Be7
9.O-O Nf8 10.h3 h6 11.Re1 g5 12.d5 Ng6 13.a6 Kf8 14.axb7 Bxb7 15.Bc4 cxd5
16.Bxd5 Nxd5 17.Nxd5 Bxd5 18.exd5 Qb7 19.Bc1 Kg7 20.c4 Qc8 21.Ra4 Qf5 22.Nd2 h5
23.Nf1 Qd7 24.Ra3 g4 25.Qa4 Qc8 26.Qc2 Bd8 27.Ne3 Ne7 28.hxg4 hxg4 29.Nxg4 Rh4
30.Bh6+ Kh8 31.Bg5 Rxg4 32.Rh3+ Kg8 33.Qh7+ Kf8 34.Rf3 Ke8 35.Qxf7+ Kd7 36.Qe6+ Ke8
37.Qf7+ Kd7 38.Qe6+ Ke8  1/2-1/2

[Event "Capablanca mem-B"]
[Site "Cienfuegos"]
[Date "1996.??.??"]
[Round "5"]
[White "Vilela, Jose Luis"]
[Black "Galego, Luis"]
[Result "0-1"]
[WhiteElo "2435"]
[BlackElo "2445"]

1.d4 d6 2.e4 Nf6 3.Nc3 c6 4.g3 e5 5.Bg2 Be7 6.Nge2 O-O 7.O-O b5 8.a3 Nbd7
9.b3 a5 10.Bb2 Ba6 11.Re1 Re8 12.Qd2 Bf8 13.Na2 Bb7 14.Rad1 a4 15.Nac3 Qa5
16.b4 Qc7 17.Bc1 Nb6 18.h3 Rad8 19.Qd3 Ba6 20.g4 c5 21.bxc5 dxc5 22.d5 Qc8
23.Qf3 b4 24.Nb1 Nfd7 25.Ng3 Nc4 26.g5 Qb7 27.h4 b3 28.Qc3 Rb8 29.Be3 Nxe3
30.Rxe3 c4 31.d6 g6 32.Bh3 Qc6 33.Qd2 Nb6 34.Nc3 bxc2 35.Qxc2 Bxd6 36.Nge2 Bc5
37.Rf3 Bc8 38.Rf6 Qc7 39.Bxc8 Qxc8 40.Ng3 Qh3 41.Rf3 Qxh4 42.Nxa4 Nxa4 43.Qxa4 Qxg5
44.Qxc4 Qe7 45.Rd5 Rec8 46.Qd3 Bd4 47.Ne2 Qh4 48.Kg2 Rb2 49.Nxd4 Rc1 50.Ne2 Rxe2
51.Rd8+ Kg7 52.Rxf7+ Kxf7 53.Qf3+ Qf4 54.Rd7+ Ke8  0-1

[Event "Capablanca mem-D"]
[Site "Cienfuegos"]
[Date "1996.??.??"]
[Round "9"]
[White "Lopez, C."]
[Black "Li, Manuel"]
[Result "1/2-1/2"]
[WhiteElo "2370"]
[BlackElo "2380"]

1.e4 d6 2.d4 Nf6 3.Nc3 c6 4.f4 Qa5 5.Bd3 e5 6.Nf3 Bg4 7.Be3 Qb6 8.Qd2 exf4
9.Bf2 Bxf3 10.gxf3 Nh5 11.O-O-O Be7 12.Rhg1 Nd7 13.Ne2 g5 14.h4 h6 15.Rg2 O-O-O
16.Rh1 Nhf6 17.Rgh2 Rhf8 18.hxg5 hxg5 19.Kb1 Qc7 20.Qe1  1/2-1/2

[Event "Capablanca mem-D"]
[Site "Cienfuegos"]
[Date "1996.??.??"]
[Round "12"]
[White "Rios, Eyleen"]
[Black "Arribas, Maritza"]
[Result "1/2-1/2"]
[WhiteElo "2150"]
[BlackElo "2270"]

1.e4 d6 2.d4 Nf6 3.Nc3 Nbd7 4.f4 c5 5.e5 cxd4 6.Qxd4 Ng4 7.Nf3 Qb6 8.exd6 exd6
9.Bb5 Qxd4 10.Nxd4 a6 11.Ba4 g6 12.Nd5 Kd8 13.Bd2 a5 14.Nb3 Bg7 15.Bxd7 Bxd7
16.Bxa5+ Rxa5 17.Nxa5 Be6 18.O-O-O Nf2 19.Rhf1 Nxd1 20.Rxd1 Kd7 21.Nb6+ Kc7
22.Nd5+ Kd7 23.Nb6+  1/2-1/2

[Event "Club Tres Peons"]
[Site "?"]
[Date "1996.??.??"]
[Round "9"]
[White "Jerez Perez, Alfonso"]
[Black "Vidarte Morales, Arturo"]
[Result "1/2-1/2"]
[WhiteElo "2360"]
[BlackElo "2410"]

1.e4 d6 2.d4 Nf6 3.Nc3 c6 4.f4 Qb6 5.Nf3 Bg4 6.Be2 Bxf3 7.Bxf3 e5 8.Ne2 Nbd7
9.O-O Be7 10.Kh1 O-O 11.c3 Rfe8 12.g4 Nf8 13.f5 h6 14.Ng3 Qc7 15.Bg2 Rad8
16.Qf3 N8h7 17.Nh5 Nxh5 18.gxh5 Bf6 19.Be3 d5 20.exd5 exd4 21.Bf4 Be5 22.Bxe5 Qxe5
23.dxc6 bxc6 24.cxd4 Rxd4 25.Qc3 Red8 26.Rae1 Qd6 27.Rf2 c5  1/2-1/2

[Event "Politiken Cup"]
[Site "Copenhagen"]
[Date "1996.??.??"]
[Round "1"]
[White "Mortensen, Erling"]
[Black "Christensen, John"]
[Result "1-0"]
[WhiteElo "2430"]
[BlackElo "2145"]

1.e4 d6 2.d4 Nf6 3.Nc3 c6 4.f4 Qa5 5.Bd3 e5 6.Nf3 Bg4 7.Be3 Nbd7 8.O-O Qb6
9.Qe1 exf4 10.Na4 Qc7 11.Bxf4 O-O-O 12.c4 h6 13.b4 g5 14.Be3 Bg7 15.Nd2 Bh5
16.h3 Bg6 17.d5 Rhe8 18.dxc6 bxc6 19.Rc1 Nh5 20.c5 d5 21.b5 d4 22.b6 Qb7
23.Nc4 Ne5 24.Nxe5 Bxe5 25.Qa5 Kd7 26.Bd2 Qb8 27.Rf3 a6 28.Qxa6 Bh2+ 29.Kh1 Ng3+
30.Kxh2 Nxe4+ 31.Bf4 gxf4 32.Qa7+ Ke6 33.Qxb8 Rxb8 34.Rxf4 Kd7 35.Re1 Ra8
36.Nb2 f5 37.a4 h5 38.Rc1 Ra5 39.Rc4 Ke6 40.Rf1 Nxc5 41.Rxd4 Rb8 42.Re1+ Ne4
43.Bc2 c5 44.Rdd1 Rxb6 45.Nc4 Raa6 46.Nxb6 Rxb6 47.a5 Ra6 48.Bb3+ Kf6 49.Ra1 Bf7
50.Bxf7 Kxf7 51.Reb1 c4 52.Rb6 Ra8 53.a6 c3 54.a7 c2 55.Rc6  1-0

[Event "Politiken Cup"]
[Site "Copenhagen"]
[Date "1996.??.??"]
[Round "11"]
[White "Rozentalis, Eduardas"]
[Black "Hodgson, Julian M"]
[Result "1/2-1/2"]
[WhiteElo "2605"]
[BlackElo "2615"]

1.e4 d6 2.d4 Nf6 3.Nc3 c6 4.Nf3 Bg4 5.h3 Bh5 6.g3 e6 7.Bg2 d5 8.e5 Nfd7 9.Ne2 c5
10.c3 cxd4 11.cxd4 Bb4+ 12.Kf1 O-O 13.Nf4 Bxf3 14.Bxf3 Nc6 15.Kg2 Ba5 16.a3 Bb6
17.Be3 Re8 18.Bg4 Nf8 19.Nh5 Nd7 20.Re1 Qe7 21.b4 Qf8 22.Ra2 Rac8 23.h4 a6
24.Nf4 Rc7 25.Rc2 Ba7 26.Bh3 Nb6 27.Nh5 Kh8 28.Bg5 Nd7 29.Rd2 Ne7 30.Rd3 Rc4
31.Re2 b5 32.Red2 Nc6 33.Nf4 Nxd4 34.Rxd4 Rxd4 35.Rxd4 Bxd4 36.Qxd4 h6 37.Nxd5 hxg5
38.Nc7 g4 39.Bxg4 Rd8 40.Bf3 Nb8 41.Qb6 Rd2 42.Nxa6 Nxa6 43.Qxa6 Qb8 44.Bc6 Qxe5  1/2-1/2

[Event "Corsico op2"]
[Site "Corsico"]
[Date "1996.??.??"]
[Round "2"]
[White "Astengo, Corrado"]
[Black "Benvenuti, Carlo"]
[Result "1-0"]
[WhiteElo "2130"]
[BlackElo "2200"]

1.d4 d6 2.e4 Nf6 3.Nc3 c6 4.a4 d5 5.e5 Ng8 6.Bd3 g6 7.Nf3 a5 8.Bf4 Na6 9.Qd2 Nb4
10.Be2 Bf5 11.Rc1 h5 12.Nd1 Nh6 13.Ne3 Be4 14.Ng5 e6 15.c3 Na6 16.Nxe4 dxe4
17.Qc2 g5 18.Bg3 h4 19.Qxe4 Ng8 20.O-O Ne7 21.Ng4 Bg7 22.Nf6+ Bxf6 23.exf6 hxg3
24.fxe7 gxh2+ 25.Kh1 Qd5 26.Qe3 Kxe7 27.c4 Qf5 28.d5 c5 29.dxe6 fxe6 30.Bf3 Rab8
31.Rfe1 Rhd8 32.Qc3 Rd4 33.Qxa5 Rbd8 34.Bxb7 Nb4 35.Bd5 R4xd5 36.cxd5 Rxd5
37.Qc7+ Kf6 38.Re2 Nd3 39.Rc3 Nxf2+ 40.Rxf2 Rd1+ 41.Kxh2 Qxf2 42.Rf3+ Qxf3
43.gxf3 Rd2+ 44.Kg3 Rxb2 45.Qc6  1-0

[Event "Corsico op2"]
[Site "Corsico"]
[Date "1996.??.??"]
[Round "4"]
[White "Ubezio, Marco"]
[Black "Benvenuti, Carlo"]
[Result "1-0"]
[WhiteElo "2190"]
[BlackElo "2200"]

1.d4 d6 2.e4 Nf6 3.Nc3 c6 4.f4 Qa5 5.Bd2 e5 6.Nf3 Bg4 7.Nd5 Qd8 8.Nxf6+ Qxf6
9.dxe5 dxe5 10.fxe5 Qg6 11.Bd3 Nd7 12.Qe2 Nxe5 13.Nxe5 Bxe2 14.Nxf7 Bxd3
15.Nxh8  1-0